000 00304nam a22001217a 4500
082 _a001
_bKOD/U
100 _aKODANSHA
245 _aUNDERWATER LIFE
_bTHE CHILDREN'S TREASURY OF KNOWLEDGE
260 _aHONGKONG
_bKODANSHA LIMITED
_c1988
300 _a111
650 _aGENERAL KNOWLEDGE
_zCHINA
942 _cBK
999 _c1902
_d1902